• 首页
  • 本馆介绍
  • 公告通知
  • 最新文献
  • 馆藏检索
  • 电子资源
  • 读者导购
  • 参考咨询
  • 我的图书馆
  • 登录
  • 详细信息显示
  • 放入我的书架
  • 预约/预借图书
  • 作者相关作品
  • 分类相关作品
  • 丛书相关作品
  • 出版社相关作品

书目信息

  • 表格格式
  • 工作单格式
  • 卡片格式
题名:
钓鱼岛正名
    
 
作者: 鞠德源 著
分册:  
出版信息: 北京   昆仑出版社  2006
页数: 455页
开本: 21cm
丛书名:
单 册:
中图分类: D823
科图分类:
主题词: 中日关系 , 钓鱼岛问题 , 中日关系--钓鱼岛问题--研究
电子资源:
ISBN: 7-80040-796-9
000 00911nam0 2200253 450
001 003032499
005 20061031165944.73
010    @a7-80040-796-9@dCNY32.00
100    @a20051103d2006 em y0chiy0110 ea
101 0  @achi
102    @aCN@b110000
105    @aab z 000yy
200 1  @a钓鱼岛正名@9diao yu dao zheng ming@e钓鱼岛列屿的历史主权及国际法渊源@f鞠德源著
210    @a北京@c昆仑出版社@d2006
215    @a455页@c图,地图@d21cm
330    @a作者依据我国历代以来所拥有的“钓鱼岛列屿”史料,特别是中国各朝代及西方各国,包括日本所绘海图,雄辩证明“钓鱼岛列屿”的主权归属。
517 1  @a钓鱼岛列屿的历史主权及国际法渊源@9diao yu dao lie yu de li shi zhu quan ji guo ji fa yuan yuan
606 0  @a中日关系
606 0  @a钓鱼岛问题
606 0  @a中日关系@x钓鱼岛问题@x研究
690    @aD823@v4
701  0 @a鞠德源@9ju de yuan@f(1934.2~)@4著
801  0 @aCN@bNLC@c20061031
905    @a10447@dD823@e93
    
    钓鱼岛正名:钓鱼岛列屿的历史主权及国际法渊源/鞠德源著.-北京:昆仑出版社,2006
    455页:图,地图;21cm
    
    
    ISBN 7-80040-796-9:CNY32.00
    作者依据我国历代以来所拥有的“钓鱼岛列屿”史料,特别是中国各朝代及西方各国,包括日本所绘海图,雄辩证明“钓鱼岛列屿”的主权归属。
●
相关链接 在E读中查询图书 在五车中查询图书 在当当中查询图书 在豆瓣中查询图书


正题名:钓鱼岛正名     索取号:D823/93         预约/预借

序号 登录号 条形码 馆藏地/架位号 状态 备注
1 0386543   203865433   第一样本阅览室/ [索取号:D823/93] 在馆    
2 0386544   203865442   第一借阅区/ [索取号:D823/93] 在馆    
3 0386545   203865451   第一借阅区/ [索取号:D823/93] 在馆    
唐山师范学院图书馆 欢迎您!
大连网信软件有限公司© 版权所有